000 00789nam a2200253 a 4500
005 20241012063846.0
008 010521s19901999mx r 000 0 spa d
020 _a9682435854
035 _aUPN01000106578
049 _aCG
050 4 _aLB1117
_bA4.2 1990
100 1 _aAlonso Palacios, María Teresa.
245 1 3 _aLa afectividad en el niño :
_bmanual de actividades preescolares /
_cMaría Teresa Alonso Palacios.
250 _a2a ed.
260 _aMéxico :
_bTrillas,
_c1990 (1999 impr.)
300 _a124 p. :
_bil.
440 0 _aSerie pedagogía para la primera infancia ;
_v3
650 4 _aDesarrollo infantil
_9176
650 4 _aAfectividad
_92027
650 4 _aEducación preescolar
_91517
650 4 _aJuegos educativos
_93952
905 _aLibro
999 _c80490
_d80490